000 00407nam a2200157Ia 4500
003 GCL
005 20240530100419.0
008 140319s9999 xx 000 0 eng d
040 _aGCL /
_cGCL
082 0 4 _a781.65
_bS S
100 1 _aSTEARNS, MARSHALL W
245 1 0 _aThe Story of Jazz /
_cSTEARNS, MARSHALL W
260 _a[S.N] :
_bOXFORD UNIVERSITY PRESS ،
_c1970
300 _a379
942 _2ddc
_cBK
999 _c17458
_d17458